Paesi che Iniziano con la C - Quiz con mappa - Statistics

Statistiche generali
  • Questo quiz è stato fatto 135 volte
  • Il punteggio medio è 16 su 17
Risposte nella Mappa
Le risposte nella mappa del quiz sottostante sono codificate secondo una scala di colori dal rosso al verde in base alla % di persone che hanno risposto correttamente.
 
Statistiche sulle risposte
Paese % Corretto
Canada
100%
Cile
100%
Cina
98%
Colombia
98%
Croazia
96%
Cambogia
94%
Corea del Nord
94%
Corea del Sud
94%
Cuba
93%
Ciad
92%
Città del Vaticano
91%
Camerun
87%
Costa d'Avorio
87%
Costa Rica
85%
Capo Verde
83%
Cipro
80%
Comore
79%
Nessun quiz corrispondente trovato
Distribuzione punteggi
Percentuale di utenti per punteggio
Percentile per numero di risposta
I tuoi punteggi nel tempo
Non hai fatto questo quiz